000 01175nam a2200241Ia 4500
999 _c38354
_d38354
001 4364
003 GE_BSU
005 20191004171710.0
008 181216s1984||||ge |||||||||||||| ||geo||
040 _cGE_BSU
041 _ageo
080 _a355.48(47.57)(092)(479.22)+94(479.22),,1991–48'' ს–24
245 _aსამშობლოს ჯარისკაცები :
_bშრომების კრ. /
_cრედ. კარლო ცქიტიშვილი.
264 _a თბ. :
_bმეცნიერება,
_c1984.
300 _a364 გვ. ;
_b22 სმ.
500 _aეძღვნება საბჭოთა კავშირის დიდ სამამულო ომში გამარჯვების 40 წლისთავს.
520 _aრეზ. რუს.
541 _h1 ლ.
653 _aქართველები დიდ სამამულო ომში
700 _aცქიტიშვილი, კ.
_eრედაქტორი
_94511
710 _aომის ვეტერანთა საბჭოს თბილისის სექცია.
_94539
942 _cBK
_2udc